Online Catalogue and eLibrary

Wishwaye kaanthawa (Record no. 4907)

MARC details
000 -LEADER
fixed length control field 00394nam a2200157Ia 4500
005 - DATE AND TIME OF LATEST TRANSACTION
control field 20250411014727.0
008 - FIXED-LENGTH DATA ELEMENTS--GENERAL INFORMATION
fixed length control field 240331s9999 xx 000 0 und d
020 ## - INTERNATIONAL STANDARD BOOK NUMBER
ISBN 9559662805
082 ## - DDC Classification
Item Number - Author Mark SUM
Class No. 891
100 ## - MAIN ENTRY--PERSONAL NAME
Personal name Sumanasekara,M
245 #0 - TITLE STATEMENT
Title Wishwaye kaanthawa
260 ## - PUBLICATION, DISTRIBUTION, ETC.
Place of publication, distribution, etc. Nugegoda
Name of publisher, distributor, etc. Manike Sumanasekare ( Author)
Date of publication, distribution, etc. 1999
300 ## - PHYSICAL DESCRIPTION
Extent (e.g. Volumes, Pages etc.) 167 p .,
500 ## - GENERAL NOTE
General note A Story About women
942 ## - Koha item type (Biblio)
Koha item type Books in Stacks (Lending)
Holdings
Lost status Damaged status Collection code Home library Current library Shelving location Date acquired Full call number Accession Number Item type
    Lending WERC Library WERC Library Social Science Cupboard 03/31/2024 891.48 SUM 2861 Books in Stacks (Lending)

© WERC Library